| 000 | 00744nam a2200205 i 4500 | ||
|---|---|---|---|
| 001 | 114254 | ||
| 003 | ES-MaACL | ||
| 005 | 20251203111338.0 | ||
| 007 | t| | ||
| 008 | 061121s1924 sp r ||||1| spa d | ||
| 100 | 1 |
_aPalacio Valdés, Armando, _d1853-1938 _988382 |
|
| 245 | 1 | 3 |
_aLa hija de Natalia _b: (últimos días del Doctor Angélico) / _cArmando Palacio Valdés. |
| 260 |
_aMadrid : _bVictoriano Suárez, _c1924. |
||
| 300 |
_a323 p. ; _c19 cm. |
||
| 530 | _aDisponible en formato digital. | ||
| 852 |
_aES-MaACL _jB-4172 |
||
| 856 |
_uhttps://bnedigital.bne.es/bd/es/viewer?id=4fd4a719-4403-463a-b4ae-f7999eb07f14 _y(Biblioteca Digital Hispánica) _zVersión en línea |
||
| 942 | _2udc | ||
| 999 |
_c114254 _d114254 |
||